• 首页
  • 本馆介绍
  • 公告通知
  • 最新文献
  • 馆藏检索
  • 电子资源
  • 读者导购
  • 参考咨询
  • 我的图书馆
  • 登录
  • 详细信息显示
  • 放入我的书架
  • 预约/预借图书
  • 作者相关作品
  • 分类相关作品
  • 丛书相关作品
  • 出版社相关作品

书目信息

  • 表格格式
  • 工作单格式
  • 卡片格式
题名:
矿物加工学
    
 
作者: 王淀佐 编著
分册:  
出版信息: 徐州   中国矿业大学出版社  2003
页数: 480页
开本: 20cm
丛书名: 中国现代科学全书
单 册:
中图分类: TD91
科图分类:
主题词: 选矿--理论 , 选矿
电子资源:
ISBN: 7-81070-696-9
000 01004oam2 2200277 45
001 1355681655
005 20130515172727.84
010    @a7-81070-696-9@dCNY35.00
100    @a20130108d2003 em y0chiy0110 ea
101 0  @achi
102    @aCN@b320000
105    @ac z 000yy
106    @ar
200 1  @a矿物加工学@AKuang Wu Jia Gong Xue@dMineral Processing@f王淀佐等编著@FWang Dian Zuo Deng Bian Zhu@zeng
210    @a徐州@c中国矿业大学出版社@d2003
215    @a480页@c肖像@d20cm
225 2  @a中国现代科学全书@i矿业工程学
330    @a本书由矿物加工学概述,矿物加工学的理论基础和单元技术以及成就与展望三大部分组成,介绍了近年来国外在粉碎、筛分、重选等领域的最新进展以及我国在矿物加工领域所取得的研究开发应用成果和成就等内容。
461  0 @12001 @a中国现代科学全书@i矿业工程学
510 1  @aMineral Processing@zeng
606 0  @a选矿@x理论
606 0  @a选矿
690    @aTD91@v5
701  0 @a王淀佐@AWang Dian Zuo@4编著
801    @aCN@bTANGWEI@c20130111
905    @b0831493-95@dTD91@e27@f3
    
    矿物加工学=Mineral Processing/王淀佐等编著.-徐州:中国矿业大学出版社,2003
    480页:肖像;20cm.-(中国现代科学全书.矿业工程学)
    
    
    ISBN 7-81070-696-9:CNY35.00
    本书由矿物加工学概述,矿物加工学的理论基础和单元技术以及成就与展望三大部分组成,介绍了近年来国外在粉碎、筛分、重选等领域的最新进展以及我国在矿物加工领域所取得的研究开发应用成果和成就等内容。
●
相关链接 在E读中查询图书 在五车中查询图书 在当当中查询图书 在豆瓣中查询图书


正题名:矿物加工学     索取号:TD91/27         预约/预借

序号 登录号 条形码 馆藏地/架位号 状态 备注
1 0831493   208314938   第二样本阅览室/ [索取号:TD91/27] 在馆    
2 0831494   208314947   第三借阅区/ [索取号:TD91/27] 在馆    
3 0831495   208314956   密集书库-化学系/ [索取号:TD91/27] 在馆    
唐山师范学院图书馆 欢迎您!
大连网信软件有限公司© 版权所有